00229nam a22000857a 4500100002300000245006200023260002600085300000700111650002500118 aRanattunge,R.A.U.I aInvestigation of Volatile constitiuents of genus Plumeria aColombobIchemcc2011 a47 aindustrial chemistry